000 00696nam a22002537a 4500
001 BR7900754
003 BR-BrBNA
005 20230928085924.0
007 ta
008 230509b bl.||||| |||| 00| 0 por d
040 _aBR-BrBNA
_bpor
_cBiblioteca Nacional de Agricultura
041 _a(Por)
072 _aF22; F25
090 _ F22 BR7900754
100 1 _aFurlani Neto, V.L.
245 1 _aPropriedades fisicas e fertilidade do solo [compactacao do solo]
260 3 _aPiracicaba, SP (Brasil):
_c1978.
300 _a7 p.
500 _a14 ref.; Summary (Por)
650 _aFERTILIDADE DO SOLO
650 _aCOMPACTACAO DO SOLO
909 _a202309
_bLucia
_c55
_dLucia Elande
942 _cBK
999 _c27021
_d27021